000
00302nam a2200121Ia 4500
008
240624s9999 xx 000 0 und d
041
_a
eng
082
_a
778.71 MUN
100
_a
MUNRO NICKY
245
_a
DIGITAL PHOTOGRAPHY MASTERCLASS ADVANCED
260
_c
2013
_a
London
_b
DK Publisher
365
_c
RS
999
_c
26785
_d
26785